000 01185cab a2200241 4500
001 ABS67392
008 040204n2003 000 0 eng u
035 _a(Sirsi) u125039
100 _aChamberlain, K.
245 4 _aThe Iraq (United Nations Sanctions) Order 2003 - is it Human Rights Act compatible?
260 _c2003
490 _aArt Antiquity and Law
_v8(4) December 2003, 357-368(12)
520 _aConsiders whether the Iraq (United Nations Sanctions) Order 2003 is compatible with the Human Rights Act 1998 The Order implementing the United Nations Council Resolution 1483 was introduced in the aftermath of the invasion of Iraq to stop the illegal removal of cultural objects from the country. Article 8 of the 2003 Order sets out criminal offences. Raises a number of issues under the 1998 Act including burden of proof.
590 _aABS
650 _aCULTURAL OBJECTS
650 _aBURDEN OF PROOF
650 _aIRAQ (UNITED NATIONS SANCTIONS) ORDER 2003
650 _aHUMAN RIGHTS ACT 1998
650 _aCONVENTION FOR THE PROTECTION OF HUMAN RIGHTS AND FUNDAMENTAL FREEDOMS
650 _aCRIMINAL LAW
690 _aArts and antiques
_96217
942 _n0
999 _c74116
_d74116